000 00363nam a2200133Ia 4500
008 240624s9999 xx 000 0 und d
041 _aeng
082 _a332.63 MAY
100 _aMAYER CHRISTOPHER
245 _aINVEST LIKE A DEALMAKER SECRETS FROM A F
260 _c2008
_aNew Jersey
_bJohn Wiley and Sons
300 _axv, : 222 : p. : cm. ; 23
365 _c
_b30
999 _c15130
_d15130